[Event "Montevideo La Proa op 1st"]
[Site "Montevideo"]
[Date "2017.10.04"]
[Round "2"]
[White "Tabarez, Miguel"]
[Black "Monetta, Jose"]
[Result "1-0"]
[WhiteElo "1468"]
[BlackElo "1613"]
[PlyCount "47"]
[EventDate "2017.09.27"]
[EventType "swiss"]
[EventRounds "5"]
[EventCountry "URU"]
[SourceTitle "EXT 2019"]
[Source "ChessBase"]
[SourceDate "2018.10.10"]
[SourceVersion "1"]
[SourceVersionDate "2018.10.10"]
[SourceQuality "1"]

1. d4 Nf6 2. Bf4 e6 3. Nf3 d5 4. e3 Be7 5. Bd3 c5 6. c3 Nbd7 7. Nbd2 cxd4 8. cxd4 b6 9. Rc1 0-0 10. a3 Nb8 11. 0-0 Bd6 12. Ne5 Bb7 13. Ndf3 h6 14. h3 Ba6 15. Bxa6 Nxa6 16. Nc6 Qd7 17. Nfe5 Bxe5 18. Bxe5 Ne4 19. Bh2 Rac8 20. Qa4 Nb8 21. Qxa7 Qxa7 22. Nxa7 Rc4 23. Rxc4 dxc4 24. Rc1 1-0

[Event "URU-chTB"]
[Site "Uruguay"]
[Date "2017.07.09"]
[Round "5.2"]
[White "Monetta, Jose"]
[Black "Figueroa, Alfonso"]
[Result "1-0"]
[WhiteElo "1620"]
[BlackElo "1821"]
[PlyCount "103"]
[EventDate "2017.07.07"]
[EventType "team-swiss"]
[EventRounds "5"]
[EventCountry "URU"]
[SourceTitle "EXT 2018"]
[Source "ChessBase"]
[SourceDate "2017.10.13"]
[SourceVersion "1"]
[SourceVersionDate "2017.10.13"]
[SourceQuality "1"]
[WhiteTeam "Cerro III"]
[BlackTeam "LP Vladivostok"]
[WhiteTeamCountry "URU"]
[BlackTeamCountry "URU"]

1. e4 b6 2. d4 Bb7 3. Bd3 e6 4. Nf3 c5 5. c3 Nf6 6. Qe2 Be7 7. 0-0 Nc6 8. a3 Na5 9. Bc2 c4 10. Bf4 d6 11. Nbd2 Qc7 12. h3 0-0 13. Bh2 b5 14. a4 a6 15. axb5 axb5 16. Rfe1 h6 17. e5 Nd7 18. Ne4 d5 19. Ned2 Nc6 20. Bf4 Rxa1 21. Rxa1 Ra8 22. Rxa8+ Bxa8 23. Qe3 Nf8 24. Bxh6 gxh6 25. Qxh6 Qd8 26. h4 f5 27. exf6 Bxf6 28. Ng5 Bxg5 29. hxg5 Qe7 30. Nf3 Qg7 31. Qh3 Bb7 32. g6 Bc8 33. Qg3 Bd7 34. Qd6 Nxg6 35. Bxg6 Qxg6 36. Qxd7 Qb1+ 37. Kh2 Qh7+ 38. Qxh7+ Kxh7 39. Ng5+ Kg8 40. Nxe6 b4 41. Nf4 bxc3 42. bxc3 Ne7 43. Ne6 Kf7 44. Nc7 Kf6 45. g4 Kg6 46. Kg3 Kf6 47. Kf4 Ng6+ 48. Kg3 Ne7 49. f4 Kg6 50. f5+ Kg5 51. Kf3 Kf6 52. Kf4 1-0

[Event "URU-chTB"]
[Site "Uruguay"]
[Date "2017.07.07"]
[Round "1.2"]
[White "Recine, Leonel"]
[Black "Monetta, Jose"]
[Result "1/2-1/2"]
[WhiteElo "1943"]
[BlackElo "1620"]
[PlyCount "90"]
[EventDate "2017.07.07"]
[EventType "team-swiss"]
[EventRounds "5"]
[EventCountry "URU"]
[SourceTitle "EXT 2018"]
[Source "ChessBase"]
[SourceDate "2017.10.13"]
[SourceVersion "1"]
[SourceVersionDate "2017.10.13"]
[SourceQuality "1"]
[WhiteTeam "Solis de Pando"]
[BlackTeam "Cerro III"]
[WhiteTeamCountry "URU"]
[BlackTeamCountry "URU"]

1. d4 Nf6 2. Nf3 e6 3. c4 Bb4+ 4. Bd2 Be7 5. Nc3 d5 6. e3 0-0 7. Qc2 b6 8. b3 Bb7 9. Be2 Nbd7 10. 0-0 Rc8 11. Rfd1 c5 12. Qb2 cxd4 13. Nxd4 Bc5 14. Be1 Qe7 15. Bf3 Ne5 16. Be2 Ba3 17. Qd2 dxc4 18. f4 Neg4 19. Bxc4 Bb4 20. Qe2 a6 21. Rac1 b5 22. Bd3 Rfd8 23. h3 Nh6 24. g4 Bxc3 25. Rxc3 Rxc3 26. Bxc3 Nd5 27. Be1 Ba8 28. Nf3 Qb7 29. Kf2 f6 30. Be4 Nf7 31. Rd4 Qb6 32. Bd2 Bb7 33. Qd3 h6 34. Bxd5 Rxd5 35. Kg3 Qc6 36. Rxd5 Qxd5 37. Qxd5 Bxd5 38. Nd4 Nd6 39. Ba5 Ne4+ 40. Kf3 Kf7 41. Ke2 g5 42. f5 exf5 43. Nxf5 Ke6 44. Nxh6 Ng3+ 45. Kf2 Ne4+ 1/2-1/2

[Event "Montevideo Duchamp Cup 1st"]
[Site "Montevideo"]
[Date "2017.02.15"]
[Round "9"]
[White "Monetta, Jose"]
[Black "Agrasot, Antonio"]
[Result "1/2-1/2"]
[WhiteElo "1678"]
[BlackElo "1567"]
[PlyCount "87"]
[EventDate "2017.02.09"]
[EventType "swiss"]
[EventRounds "9"]
[EventCountry "URU"]
[SourceTitle "CBM 176 Extra"]
[Source "ChessBase"]
[SourceDate "2017.03.02"]
[SourceVersion "1"]
[SourceVersionDate "2017.03.02"]
[SourceQuality "1"]

1. e4 c6 2. d4 d5 3. Nc3 dxe4 4. Nxe4 Nf6 5. Nxf6+ exf6 6. Nf3 Bd6 7. Be2 0-0 8. 0-0 Re8 9. Re1 Bg4 10. Be3 Nd7 11. c4 Bb4 12. Bd2 Bxd2 13. Qxd2 Nb6 14. b3 Qd7 15. h3 Bxf3 16. Bxf3 f5 17. a4 Rad8 18. Qf4 g6 19. Rxe8+ Rxe8 20. Kf1 Kg7 21. Re1 Re6 22. a5 Nc8 23. d5 Rxe1+ 24. Kxe1 Qe7+ 25. Kd1 cxd5 26. Bxd5 b6 27. Qd4+ Qf6 28. Qxf6+ Kxf6 29. f4 Nd6 30. axb6 axb6 31. Ke2 Ke7 32. Ke3 h6 33. Kd4 f6 34. b4 Kd7 35. c5 bxc5+ 36. bxc5 Nb5+ 37. Kc4 Nc7 38. Bf3 g5 39. g3 Ne6 40. Bd5 Nf8 41. Kd4 Ng6 42. Ke3 Ne7 43. Kd4 Ng6 44. Ke3 1/2-1/2